Suomen suurimmat yritykset - Statistics

Yleistilastot
  • Tätä visaa on pelattu 1 079 kertaa
    105 viimeisimmän päivityksen jälkeen
  • Keskiarvotulos 9 / 20
Vastaustilastot
Liikevaihto (miljoonaa €) Yritys Toimiala % Oikein
3 660 Neste Markkinointi Oy Öljynjalostus
84%
12 266 Neste Oyj Öljynjalostus
84%
6 660 Kesko Oyj Tukku- ja vähittäiskauppa
83%
2 895 Finnair Oyj Säännöllinen lentoliikenne
80%
11 390 Nokia Solutions and Networks Oy Tietoliikenne
78%
8 401 Suomen Osuuskauppojen Keskuskunta Kauppa
75%
2 599 UPM-Kymmene Oyj Metsäteollisuus
52%
3 367 UPM Pulp Sales Oy Metsäteollisuus
52%
3 243 UPM Sales Oyj Metsäteollisuus
52%
2 325 Metsä Fibre Oy Metsäteollisuus
45%
2 399 Metsäliitto Osuuskunta Metsäteollisuus
45%
2 631 Stora Enso Oyj Metsäteollisuus
43%
3 021 HUS-yhtymä Sairaanhoito
36%
2 146 Wärtsilä Finland Oy Moottorit ja turbiinit
31%
4 541 Outokumpu Europe Oy Metalliteollisuus
20%
4 296 Outokumpu Stainless Oyj Metalliteollisuus
20%
2 612 HOK-Elanto Liiketoiminta Oy Päivittäistavarakauppa ja ravintola-ala
11%
2 194 SSAB Europe Oy Terästeollisuus
9%
2 534 ABB Oy Sähkötekniikka
5%
3 110 North European Oil Trade Oy Polttoaineiden tukkukauppa
1%
Ehtoja vastaavia visoja ei löytynyt
Tulosjakauma
Jokaisen tuloksen saaneiden osuus
Persentiili vastausten määrän mukaan
Tuloshistoriasi
Et ole pelannut tätä visaa sen viimeisimmän päivityksen jälkeen